| 000 | 00718nam a2200217 a 4500 | ||
|---|---|---|---|
| 005 | 20220701133558.0 | ||
| 008 | 041124s2001 mx r 000 0 spa d | ||
| 020 | _a8449310458 | ||
| 035 | _aUPN01000136525 | ||
| 049 | _aCG | ||
| 050 | 4 |
_aPN1997 M7.7 _bR3.4 |
|
| 100 | 1 |
_aRadigales, Jaume, _d1969- |
|
| 245 | 1 | 0 |
_aMuerte en Venecia = morte a Venezia : _bLuchino Visconti / _cestudio crítico de Jaume Radigales. |
| 260 |
_aMadrid : _bPaidós Ibérica, _cc2001. |
||
| 300 |
_a146 p. : _bil. |
||
| 440 | 0 |
_aPaidós peliculas : _v14 |
|
| 650 | 4 | _aMUERTE EN VENECIA (PELICULA CINEMATOGRAFICA) | |
| 600 | 1 | 4 |
_aVISCONTI, LUCHINO, _d1906-1976 |
| 650 | 0 |
_aProductores y directores cinematográficos _9463 |
|
| 905 | _aLibro | ||
| 999 |
_c108676 _d108676 |
||